Scientific American (Readings in the life sciences). Vol.2

Sparad:
Bibliografiska uppgifter
Materialtyp: Bok
Språk:Undetermined
Publicerad: San Francisco, California W. H. Freeman 1969
Ämnen:
Taggar: Lägg till en tagg
Inga taggar, Lägg till första taggen!
Thư viện lưu trữ: Trung tâm Học liệu Trường Đại học Cần Thơ
LEADER 00466nam a2200157Ia 4500
001 CTU_26232
008 210402s9999 xx 000 0 und d
082 |a 570 
082 |b S416/Vol.2 
245 0 |a Scientific American (Readings in the life sciences). Vol.2 
260 |a San Francisco, California 
260 |b W. H. Freeman 
260 |c 1969 
650 |a biology,life sciences 
904 |i Minh, 981012 
980 |a Trung tâm Học liệu Trường Đại học Cần Thơ